Kuinka monta käärmelajia osaat nimetä? - Statistics

Yleistilastot
  • Tätä visaa on pelattu 49 kertaa
  • Keskiarvotulos 4 / 14
Vastaustilastot
Kuvavisa Vastaus % Oikein
Kyy
100%
Rantakäärme
82%
Kalkkarokäärme
52%
Kuningaskobra
50%
Anakonda
48%
Mustamamba
36%
Kuningasboa
18%
Pyton
18%
Vihreämamba
18%
Aavikkotaipaani
7%
Korallikäärme
7%
Kolubridikäärme
0%
Maissikäärme
0%
Ruohokäärme
0%
Ehtoja vastaavia visoja ei löytynyt
Tulosjakauma
Jokaisen tuloksen saaneiden osuus
Persentiili vastausten määrän mukaan
Tuloshistoriasi
Et ole pelannut tätä visaa